000 00676nam a22002177a 4500
005 20140311163044.0
008 140107b xxu||||| |||| 00| 0 eng d
020 _a9780071264877
050 _aRT 62
_b.G679Cr 2007
100 _aGossman, William G.
245 _aCritical Care Nursing :
_bReview /
_cWilliam G. Gossman.
250 _a2nd ed.
260 _aNew York :
_bMcGraw-Hill,
_cc2006.
300 _a173 p. :
_c27 cm.
521 _aNUR
650 _aNursing Books.
_xIntensive care nursing.
650 _aIntensive care nursing
_xExamination, questions, etc.
650 _aCritical care
_xExaminations, questions, etc.
942 _2lcc
_cBK
999 _c39798
_d39798